Laser scanning : the potential for historic buildings (Record no. 69907)
[ view plain ]
| 000 -LEADER | |
|---|---|
| fixed length control field | 01188cam a2200229 4500 |
| 001 - CONTROL NUMBER | |
| control field | ABS65257 |
| 008 - FIXED-LENGTH DATA ELEMENTS--GENERAL INFORMATION | |
| fixed length control field | 020403n2002 000 0 eng u |
| 035 ## - SYSTEM CONTROL NUMBER | |
| System control number | (Sirsi) u117341 |
| 100 ## - MAIN ENTRY--PERSONAL NAME | |
| Personal name | Dallas, R. |
| 245 ## - TITLE STATEMENT | |
| Title | Laser scanning : the potential for historic buildings |
| 260 ## - PUBLICATION, DISTRIBUTION, ETC. | |
| Date of publication, distribution, etc. | 2002 |
| 490 ## - SERIES STATEMENT | |
| Series statement | Geomatics World |
| Volume/sequential designation | March/April 2002, 28-30(3) |
| 520 ## - SUMMARY, ETC. | |
| Summary, etc. | The application of laser scanning devices is starting to affect many areas of surveying. The article reviews the potential application of scanners for historic building recording. The authors set up a test in order to demonstrate the methodology of laser scanning and provide an initial assessment of the extent to which laser scanning could replace conventional survey for the preparation of elevation line drawings and sections. Parts of Dunfermline Abbey were selected for the test. The images contained in the article can be viewed on Mason Land Surveys Ltd website at http://www.mason.co.uk/laser.html |
| 590 ## - LOCAL NOTE (RLIN) | |
| Local note | ABS |
| 650 ## - SUBJECT ADDED ENTRY--TOPICAL TERM | |
| Topical term or geographic name entry element | LASER SCANNING |
| 650 ## - SUBJECT ADDED ENTRY--TOPICAL TERM | |
| Topical term or geographic name entry element | HISTORIC BUILDINGS |
| 650 ## - SUBJECT ADDED ENTRY--TOPICAL TERM | |
| Topical term or geographic name entry element | DUNFERMLINE ABBEY |
| 650 ## - SUBJECT ADDED ENTRY--TOPICAL TERM | |
| Topical term or geographic name entry element | METHODOLOGY |
| 690 ## - LOCAL SUBJECT ADDED ENTRY--TOPICAL TERM (OCLC, RLIN) | |
| Topical term or geographic name as entry element | GEOMATICS |
| 9 (RLIN) | 6242 |
| 700 ## - ADDED ENTRY--PERSONAL NAME | |
| Personal name | Morris, A. |
| 942 ## - ADDED ENTRY ELEMENTS (KOHA) | |
| Suppress in OPAC | 0 |
| Withdrawn status | Lost status | Source of classification or shelving scheme | Damaged status | Not for loan | Home library | Current library | Shelving location | Date acquired | Total Checkouts | Full call number | Barcode | Date last seen | Copy number | Price effective from | Koha item type |
|---|---|---|---|---|---|---|---|---|---|---|---|---|---|---|---|
| Dewey Decimal Classification | London | London | Journal article | 03/04/2002 | ABS65257 | 117341-1001 | 06/08/2019 | 1 | 06/08/2019 | Journal article |